000 01415namaa22003251i 4500
005 20260412103313.0
008 260412s1995 u a|||fr|m|| 000 0 eng d
040 _aEG-GICUC
_beng
_cEG-GICUC
_dEG-GICUC
_erda
041 0 _aeng
_beng
_bara
049 _aDeposit
097 _aM.Sc
099 _aCai01.07.01.M.Sc.1995.Th.R
100 0 _aThamer Izeedin Al Hanish ,
_epreparation.
245 1 0 _aResidual Effect of herbicides in some field crops /
_cBy Thamer Izeedin Al Hanish ; Supervised .Dr. Ahmed H . El-Hattab , Dr. Shaban A. Shaban , Dr. Ezzaldin O. Abusteit ,
246 1 5 _aدراسة الاثر المتبقى لمبيدات الحشائش فى بعض محاصيل الحقل
264 0 _c1995
300 _a124 Leaves :
_billustrations ;
_c30 cm. +
336 _2rda content
_atext
337 _2rdamedia
_aUnmediated
338 _2rdacarrier
_avolume
502 _a Thesis (M.Sc.) -Cairo University, 1995
504 _aBibliography: pages 113 : 124
653 0 _aResidual Effect of herbicides in some field crops
700 0 _aAhmed H . El-Hattab
_ethesis advisor.
700 0 _a. Shaban A. Shaban
_ethesis advisor.
700 0 _aEzzaldin O. Abusteit
_ethesis advisor.
900 _D Department of Agronomy
_F Faculty of Agriculture
_U Cairo University
_b1995
_cAhmed H . El-Hattab
_c Shaban A. Shaban
_cEzzaldin O. Abusteit
_dAhmed H . El-Hattab
905 _aNagat
942 _2ddc
_cTH
_e21
_n0
999 _c179404